000 00625nam a2200193 i 4500
001 64574
003 ES-MaACL
005 20230906165149.0
007 t|
008 031229s1968 sp |||| | spa d
100 1 _aFontana Tarrats, Jose María.
_951604
245 1 0 _aAbel en tierra de Caín
_b: el separatismo y el problema agrario, hoy /
_cJosé Mª Fontana Tarrats.
260 _aBarcelona :
_b[Ariel,
_c1968]
300 _a219 p. ;
_c22 cm.
650 0 4 _aRegionalismo-
_zEspaña.
_916748
650 0 4 _aAgricultura-
_zEspaña.
_99680
650 0 4 _aReforma agraria-
_zEspaña-
_yS.XX.
_9171662
852 _aES-MaACL
_jC-47404
999 _c64574
_d64574